000
00226nam a22000857a 4500
008
161115b xxu||||| |||| 00| 0 eng d
100
_9
1227
_a
Sanjeev Verma.S.etal.
245
_a
Mathematics-7
260
_a
New Delhi
_b
Prachi India
_c
2016
999
_c
3918
_d
3918